000 01031pam a2200289 a 4500
005 20260322212050.0
008 data
010 _a 86026473
020 _a0807070092 :
_c{dollar}9.95
020 _a9780807070093 :
_c{dollar}9.95
040 _aDLC
_cDLC
_dDLC
043 _an-us---
050 0 0 _aHQ1412
_b.G76 1987
082 0 0 _a920.72/0973
_219
092 _a920.72 G76 1987
245 0 0 _aGrowing up female in America :
_bten lives /
_cedited by Eve Merriam.
260 _aBoston :
_bBeacon Press,
_c1987, c1971.
300 _a308 p., [16] p. of plates :
_bill., ports. ;
_c22 cm.
490 0 _aBeacon paperback ;
_v737
500 _aReprint. Originally published: Garden City, N.Y. : Doubleday, 1971.
650 0 _aWomen social reformers
_zUnited States
_xBiography.
650 0 _aWomen
_zUnited States
_xBiography.
650 0 _aWomen
_zUnited States
_xSocial conditions.
700 1 _aMerriam, Eve,
_d1916-1992.
856 4 2 _3Publisher description
_uhttp://www.loc.gov/catdir/enhancements/fy1107/86026473-d.html
001 data
999 _c1173
_d1173